[Event "Newcastle Northumbria Masters"]
[Site "Newcastle on Tyne"]
[Date "2022.08.28"]
[Round "5"]
[White "Forster, Matthew"]
[Black "Madhavan, Sanjith"]
[Result "1/2-1/2"]
[WhiteElo "2058"]
[BlackElo "1846"]
[PlyCount "99"]
[EventDate "2022.08.26"]
[EventType "swiss"]
[EventRounds "9"]
[EventCountry "ENG"]
[SourceTitle "CBM 210 Extra"]
[Source "ChessBase"]
[SourceDate "2022.11.30"]
[SourceVersion "1"]
[SourceVersionDate "2022.11.30"]
[SourceQuality "1"]

1. c4 Nf6 2. Nc3 g6 3. g3 Bg7 4. Bg2 d6 5. Nf3 0-0 6. 0-0 c5 7. d4 Nc6 8. dxc5 dxc5 9. Bf4 Be6 10. Ne5 Nxe5 11. Bxe5 Bxc4 12. Bxb7 Qxd1 13. Rfxd1 Rad8 14. b3 Be6 15. Nb5 c4 16. b4 Bd5 17. Ba6 e6 18. Rac1 Rd7 19. Bxf6 Bxf6 20. e4 Bc6 21. Rxd7 Bxd7 22. Rxc4 Bxb5 23. Bxb5 Rb8 24. Bc6 Be7 25. b5 Bd8 26. Rd4 Bb6 27. Rd7 Rd8 28. Rxd8+ Bxd8 29. f4 Kf8 30. Kf2 Ke7 31. e5 f6 32. exf6+ Kxf6 33. a4 e5 34. Kf3 exf4 35. Kxf4 h5 36. Ke4 Bb6 37. Be8 Kg5 38. Kd5 Bg1 39. a5 Kg4 40. Ke4 h4 41. Bd7+ Kg5 42. Kf3 hxg3 43. hxg3 Kf6 44. g4 g5 45. Ke4 Ke7 46. Bc8 Kd6 47. Kf5 Be3 48. Ke4 Bg1 49. Kd3 Kc7 50. Bf5 1/2-1/2

[Event "SCO-ch 125th"]
[Site "Paisley"]
[Date "2018.07.13"]
[Round "7"]
[White "Madhavan, Sanjith"]
[Black "Schmerwitz, Reinhard"]
[Result "0-1"]
[WhiteElo "1497"]
[BlackElo "1764"]
[PlyCount "104"]
[EventDate "2018.07.07"]
[EventType "swiss"]
[EventRounds "9"]
[EventCountry "SCO"]
[SourceTitle "CBM 185 Extra"]
[Source "ChessBase"]
[SourceDate "2018.07.29"]
[SourceVersion "1"]
[SourceVersionDate "2018.07.29"]
[SourceQuality "1"]

1. d4 Nf6 2. Bf4 d5 3. Nf3 Bf5 4. e3 e6 5. Bd3 Bxd3 6. Qxd3 c6 7. c3 Bd6 8. Bxd6 Qxd6 9. Nbd2 0-0 10. 0-0 Nbd7 11. Rfe1 a6 12. e4 dxe4 13. Nxe4 Nxe4 14. Qxe4 Nf6 15. Qe5 Rfd8 16. Qxd6 Rxd6 17. Re2 h6 18. h3 Rad8 19. Rae1 Rd5 20. Re5 Rxe5 21. Rxe5 Nd7 22. Re2 Kf8 23. Kf1 Nf6 24. Ke1 Nd5 25. g3 Rc8 26. Ne5 Nb6 27. Nd3 Nd7 28. Ne5 Ke7 29. Nxd7 Kxd7 30. Kd2 c5 31. Re4 Kd6 32. Kd3 cxd4 33. Rxd4+ Ke7 34. Rc4 Rd8+ 35. Rd4 Rd6 36. Rxd6 Kxd6 37. Kd4 e5+ 38. Ke4 g6 39. g4 Ke6 40. b4 b5 41. Kd3 Kd5 42. Ke3 f5 43. f3 Kc4 44. gxf5 gxf5 45. f4 e4 46. Kd2 e3+ 47. Kxe3 Kxc3 48. a3 Kc4 49. h4 h5 50. Kd2 Kd4 51. Ke2 Ke4 52. Kf2 Kxf4 0-1

[Event "SCO-ch 125th"]
[Site "Paisley"]
[Date "2018.07.09"]
[Round "3"]
[White "Madhavan, Sanjith"]
[Black "Kante, Kalyan Sai Nandan"]
[Result "0-1"]
[WhiteElo "1497"]
[BlackElo "1531"]
[PlyCount "64"]
[EventDate "2018.07.07"]
[EventType "swiss"]
[EventRounds "9"]
[EventCountry "SCO"]
[SourceTitle "CBM 185 Extra"]
[Source "ChessBase"]
[SourceDate "2018.07.29"]
[SourceVersion "1"]
[SourceVersionDate "2018.07.29"]
[SourceQuality "1"]

1. d4 Nf6 2. Bf4 d5 3. Nf3 Bf5 4. c3 e6 5. Nh4 Bg6 6. Nxg6 hxg6 7. Nd2 Bd6 8. Bxd6 Qxd6 9. Nf3 Nbd7 10. g3 Ke7 11. Qb3 Qb6 12. Qxb6 Nxb6 13. 0-0-0 Ne4 14. Re1 Nxf2 15. Rg1 Nc4 16. Rg2 Ng4 17. h4 Nce3 18. Rg1 Nxf1 19. Rexf1 f5 20. Kd2 b6 21. Kd3 c5 22. e3 Rab8 23. Rg2 c4+ 24. Kd2 b5 25. Ng5 b4 26. Re1 Rb6 27. Ree2 Rhb8 28. Nf3 Ra6 29. cxb4 Rxa2 30. Kc3 Ra4 31. Kc2 Raxb4 32. Nh2 Nxe3+ 0-1